Wyjściowy skład Francji w finale MŚ 1998 - Statystyki

Ogólne statystyki
  • Ten quiz został rozwiązany 17 razy
  • Średni wynik to 6 z 11
Statystyki odpowiedzi
Pozycja Zawodnik/player % Poprawnych
Pomocnik/Midfielder Zinédine Zidane
100%
Bramkarz/Goalkeeper Fabien Barthez
80%
Pomocnik/Midfielder Emmanuel Petit
73%
Obrońca/Defender Lilian Thuram
67%
Obrońca/Defender Marcel Desailly
60%
Obrońca/Defender Bixente Lizarazu
53%
Pomocnik/Midfielder Didier Deschamps
47%
Napastnik/Striker Stéphane Guivarc'h
33%
Napastnik/Striker Youri Djorkaeff
33%
Pomocnik//Midfielder Christian Karembeu
27%
Obrońca/Defender Frank Leboeuf
20%
Nie znaleziono quizów pasujących do podanych kryteriów
Rozkład punktacji
Procent ludzi z każdym wynikiem
Percentyl według liczby udzielonych odpowiedzi
Twoja historia wyników
Nie rozwiązałeś tego quizu